|
|
|
|
| LEADER |
00000cam a2200000 a 4500 |
| 001 |
4277 |
| 005 |
20230308155237.0 |
| 008 |
000000|1851 ||||||||r|||||||||||spa|| |
| 040 |
|
|
|b spa
|
| 041 |
1 |
|
|a spa
|
| 082 |
0 |
|
|a 945.08
|
| 100 |
1 |
|
|a Pérez Luzaró, D. Mariano
|9 10558
|
| 245 |
|
|
|a Historia de la revolución de Italia 1848 1849
|c D. Mariano Pérez Luzaró
|h imp
|
| 264 |
|
|
|a Madrid
|b Librería de Castillo
|c 1851
|
| 300 |
|
|
|a 667 páginas:
|b ilu
|c 19,5 cm
|
| 504 |
|
|
|a incl. ref.
|
| 650 |
1 |
|
|a Historia de italia
|9 8984
|
| 852 |
|
|
|a UC-CDJBV
|c ESTANTERIA CERRADA
|f Compra
|k margarita.gutierrez
|l 1
|m Limitada
|p 00000000
|q 5,00
|t 4277
|b 1
|d CDRC
|e CDRC
|g 945.08 ESTANTERIA CERRADA
|z 0000-00-00
|
| 942 |
|
|
|c BK
|
| 999 |
|
|
|c 5083
|d 5083
|